Chinese investment expansion to foreign markets diplomová práca
Salvato in:
| Autore principale: | |
|---|---|
| Ente Autore: | |
| Altri autori: | |
| Natura: | Libro |
| Lingua: | inglese |
| Pubblicazione: |
Bratislava
2010
|
| Tags: |
Nessun Tag, puoi essere il primo ad aggiungerne!!
|
MARC
| LEADER | 00000nam a2200000 4500 | ||
|---|---|---|---|
| 001 | 0119502 | ||
| 005 | 20240318114412.5 | ||
| 041 | 0 | |a eng | |
| 044 | |a SK | ||
| 245 | 1 | 0 | |a Chinese investment expansion to foreign markets |b diplomová práca |c Tomáš Hrubizna ; škol. Peter Verček |
| 264 | 1 | |a Bratislava |c 2010 | |
| 300 | |a 75 s. | ||
| 100 | 1 | |a Hrubizna, Tomáš | |
| 700 | 1 | |a Verček, Peter | |
| 710 | 2 | |a Ekonomická univerzita v Bratislave. Ústav medzinárodných programov | |